Jean Roger Caussimon

Guardat en:
Dades bibliogràfiques
Autor principal: Ferre, Leo (Autor)
Format: Llibre
Idioma:francès
Publicat: París Pierre Seghers 1967
Col·lecció:Poets d' aujourd' hui, 161
Matèries:
Etiquetes: Afegir etiqueta
Sense etiquetes, Sigues el primer a etiquetar aquest registre!

MARC

LEADER 00000nam a2200000 a 4500
001 UCY5261
003 CL-VaPUC
008 950421e19670000FR |||||||||||||||||fre|d
082 0 4 |a 841.09  |b FER  |2 21 
100 0 |a Ferre, Leo  |e author  |9 333027 
245 1 0 |a Jean Roger Caussimon  
300 |a 187 p 
942 |c BK 
945 |d 19950421 00:00:00  |a oaravena 
260 |a París  |b Pierre Seghers  |c 1967 
600 0 7 |a CAUSSIMON, JEAN ROGER  |2 CL-VaPUC  |9 333951 
583 |a last modification  |c 19950421 00:00:00  |k Rodrigo Vera 
490 0 |a Poets d' aujourd' hui, 161 
999 |c 232959  |d 232957 
952 |0 0  |1 0  |4 0  |6 841_090000000000000_FER_1967  |7 0  |8 P  |9 237978  |a BIBART  |b BIBART  |d 2019-11-18  |i 3074757  |o 841.09 FER 1967  |p 3074757  |r 2025-03-13  |w 2019-11-18  |y BK  |k ART 
952 |0 0  |1 0  |4 0  |6 841_090000000000000_FER_1967  |7 0  |8 P  |9 237979  |a BIBART  |b BIBART  |d 2019-11-18  |i 3074773  |o 841.09 FER 1967  |p 3074773  |r 2025-03-13  |w 2019-11-18  |y BK  |k ART 
952 |0 0  |1 0  |4 0  |6 841_090000000000000_FER_1967  |7 0  |8 P  |9 237980  |a BIBART  |b BIBART  |d 2019-11-18  |i 3098575  |o 841.09 FER 1967  |p 3098575  |r 2025-03-13  |w 2019-11-18  |y BK  |k ART